=LDR 00000nam 2200000 4500 =001 INLIS000000000042049 =005 20200225020243 =035 ##$$a 0010-061300000042049 =008 200225################g##########0#ind## =041 ##$$a ind =082 ##$$a 153 =090 ##$$a 153, Sai p =100 ##$$a Saifuddin Azwar =245 1#$$a Pengantar psikologi inteligensi, Saifuddin azwar /$c Drs. Saifuddin Azwar, MA =260 ##$$a Yogyakarta :$b Pustaka Pelajar,$c 2008 =300 ##$$a Xv,184 hlm., 22 cm ; $c 15 x 21 cm =650 #4$$a PSIKOLOGI =850 ##$$a NBPNMAT =020 ##$$a 979-8581-92-X =084 ##$$a 153 SAI p =250 ##$$a Ed.1 =990 ##$$a 51200480